Quizzes
Events
Quiz Creation
Community
Videos
Private Events
Remove Ads
Sign In
Join for FREE
Feedback
Dark Mode
Quiz Categories
Sports
Geography
Music
Movies
Television
Just For Fun
Miscellaneous
History
Literature
Language
Science
Gaming
Entertainment
Religion
Holiday
For Kids
Quiz Lab
Recent
Popular Today
Quiz Kudos Today
Editor Picks
Curator Picks
Quizzes by...
Day
Popularity
Type
Ratings
Length
Year
Community
Subscriptions
Recent Discussions
Orange Saloon
Badges
Playlists
Quests
Create
Leaderboards
Showdown
Live 5
Trivia Bingo
Activity
Puzzle Library
Sporcle Events
Private Events
Virtual Trivia
Globe League
Become a Host
Pub Owners
SporcleCon
Opinionation
Our Games
Videos
Blog
Mobile Apps
Partnerships
Remove Ads and Go Orange
Feedback
Sports
Athletes
MLB
NBA
NHL
NFL
Soccer
Sports Teams
WWE
NCAA
Football
Premier League
Basketball
Baseball
Hockey
Golf
Tennis
Cricket
Rugby
Auto Racing
Olympics
World Cup
Sports
Athletes
MLB
NBA
NHL
NFL
Soccer
Sports Teams
WWE
NCAA
Football
Premier League
Basketball
Baseball
Hockey
Golf
Tennis
Cricket
Rugby
Auto Racing
Olympics
World Cup
Random Quiz
Search Sporcle
×
Quiz Lab
Quiz Lab
Sports
German
Type in answers that appear in a list
Type in answers that appear in a list
Classic
Best Score? Go Orange.
Most expensive players of the Bundesliga (updated) Stats
Can you name the Most expensive players of the german Bundesliga per club?
By
timsen
10m
90 Questions
450 Plays
450 Plays
450 Plays
Comments
Comments
Give Quiz Kudos
Give Quiz Kudos
-
- Ratings
hide this ad
Replay
Link that replays current quiz
Next Quiz
Link to next quiz in quiz playlist
You Got
0%
They Got
Avg Score
34%
Avg Friend Score
Upgrade to see
Score Distribution
Jump to the score distribution portion of the page
Score
0/90
Timer
10:00
0
Plays Today
% Correct
Robert Lewandowski
81.3%
Mats Hummel
80.4%
James Rodriguez
78.9%
Thiago Alcantara
71.8%
Thomas Müller, Joshua Kimmich
69.8%
Marco Reus
66.4%
Christian Pulisic
61.6%
Kevin Trapp, Mijat Gacinovic
61.6%
Mark Uth
60.2%
Julian Weigl
59.3%
Manuel Akanji
56.2%
Breel Embolo
53.1%
Axel Witsel, Abdou Diallo
52.4%
Nico Elvedi
51.8%
Kai Havertz
50.7%
Salif Sané
49.8%
Paulinho
48.2%
Benito Raman
48.2%
Leon Bailey
47.6%
Max Kruse
44.9%
Nabil Bentaleb
42.4%
Daniel Ginczek
42.2%
Julian Brandt
42%
Amine Harit
40.9%
Denis Zakaria
40.7%
Jonathan Tah
40.4%
Carlos Salcedo
38.7%
Maximilian Eggestein
37.6%
Marcel Sabitzer
36.9%
Alassane Pléa
36.7%
% Correct
Maximilian Arnold, Josip Brekalo
35.8%
Dodi Lukebakio
34.7%
Marcin Kaminski, Marcel Sobottka
34.4%
Nadiem Amiri
34.4%
Davie Selke
33.8%
Ante Rebic
33.6%
Kevin Vogt, Kevin Akpoguma
33.6%
Dominique Heintz
32.4%
Ignacio Camacho
32.2%
Kerem Demirbay
32%
Andrej Kramaric
31.8%
Davy Klaassen
30.7%
Thorgan Hazard
30.4%
Jean-Philippe Mateta
30.4%
Pierre Kunde Malong
30%
Santiago Ascacíbar
30%
Kaan Ayhan
29.8%
Dayot Upamecano
29.6%
Jiri Pavlenka
28.4%
Robin Koch
26.9%
Ludwig Augustinsson
26.9%
Michael Gregoritsch
26.4%
Marvin Ducksch
26.4%
Alexander Schwolow
26.4%
Niclas Füllkrug
26.2%
Matthias Ginter
26%
Timo Werner
26%
Virgil Misidjan
25.6%
John-Anthony Brooks
25.6%
Yuya Kubo
25.1%
% Correct
Nils Petersen
24.7%
Philipp Max
24.2%
Luca Jovic
24.2%
Waldemar Anton
23.8%
Karim Rekik
23.3%
Timo Baumgartl
22.7%
Nicólas González
22.4%
Valentino Lazaro
21.8%
Janik Haberer, Pascal Stenzel, Christian Günter
21.8%
Jean-Kévin Augustin
21.6%
Wout Weghorst
21.3%
Sebastien Haller
20.4%
Jean-Philippe Gbamin
20.4%
Hanno Behrens
20.4%
Marvin Plattenhardt
20.2%
Emil Forsberg
20.2%
Aarón Martín
19.3%
Pablo Maffeo
18.9%
Martin Hinteregger
18.7%
Eduard Löwen
18.4%
Walace
18%
Niklas Stark
17.6%
Benjamin Pavard
16.9%
Florian Grillitsch
16.9%
Alfred Finnbogason
16.7%
Kevin Wimmer
16.7%
Matheus Pereira
16.4%
Jeffrey Gouweleeuw
15.6%
Ihlas Bebou
15.1%
Stefan Bell, Moussa Niakhaté
14%
Quiz Playlist
Details
Report
Send in Message
Add To Playlist
Classic:
Type in answers that appear in a list
Last Updated: Sep 8, 2018
Quiz Scoreboard
CHALLENGE
Sign Up to Join the Scoreboard
Show All
Scores
Hide
Comments
May contain spoilers
Recently Published
Click the 1999 NBA Draft
by nibperrychub
Sports
2m
Alphabetical 'K' Countries by Flag Minefield
by ylime102
Geography
3m
Pick 6: Fruits
by JohnFran
Miscellaneous
15s
More to Explore
Quiz From the Vault
Featured Blog Post
15 Basketball Trivia Facts You Can Be March Mad About
hide this ad
You Might Also Like...
Tags
German Quiz
bundesliga
club
Expensive
Player
Today's Top Quizzes in Sports
Browse Sports
hide this ad
Today's Top Quizzes in German
Browse German
Top Contributed Quizzes in Sports
1
Les joueurs à 100 buts en Ligue 1 Uber Eats
2
Pick 6: NFL Teams
3
MLB 2 truths and a lie: Hall of Fame pitchers
4
Criteria MLB: Left Handed Sluggers
5
2022 World Cup Stars
6
Don't Strike Out: 3000 Strikeouts
7
Millionaire: NBA Finals Edition
8
Pick 6: Minor League Baseball
9
Click the 1998 NBA Draft
10
Pick 6: Olympics
Explore More
Trending Topics
Marvel
Disney
Harry Potter
Anime
NBA
Crossword
Kpop
Puzzle
NFL
Song
The Office
Soccer
Country
WWE
Pokémon
hide this ad
More By:
timsen
Quiz
Plays
Rating
Category
Featured
Created
Most expensive players of the Bundesliga (updated)
450
4.00
Sports
Aug 23, 2010
German WorldCup Squad
197
1.00
Sports
Jun 2, 2010
Bundesliga Goalscorers 2010/2011
150
4.00
Sports
May 25, 2011
Bundesliga-players at Worldcup 2014
136
1.00
Sports
Jun 7, 2014
Go to Creator's Profile
Score Distribution
Quiz Creator Spotlight
timsen
Follow
Send a Message
Quizzes Created
-
Created Quiz Play Count
-
More By This Creator
Popular Quizzes Today
1
Countries of Asia Without Outlines Minefield
2
Find the US States - No Outlines Minefield
3
Pick 6: Fruits
4
Alphabetical 'K' Countries by Flag Minefield
5
The Countries of the World
6
Find the US States
7
US States
8
Match the Book to the Film X
More Sports Quizzes
California Schools in 2022 NCAA Tournament
Quiz Lab
Trending Quizzes
Pick 6: Mountains
Pick 6: Harry Potter
Pick 6: NFL Teams
Pick 6: Movie Franchises
Pick 6: Golfers
Recently Updated
NWSL Teams
pecheneg
Women's Final Four Teams by Year
bhenderson79
Presidents Quartet II
eogle
Anything But Clue(do)
eogle
Anything But Oceanian Capitals
eogle
Anything But 7
eogle
Anything But Thing
eogle
Word Ladder: February 29
pecheneg
Song Title Questions
pecheneg
Women's NCAA Tournament #1 Seeds
pecheneg
Trending Topics
Harry Potter
Kpop
Disney
Anime
Marvel
Crossword
NBA
The Office
Country
Pokémon
NFL
Song
Soccer
Puzzle
WWE
Your Account Isn't Verified!
In order to create a playlist on Sporcle, you need to verify the email address you used during registration. Go to your
Sporcle Settings
to finish the process.
Report this User
Report this user for behavior that violates our
Community Guidelines
.
Details:
Send Report
Go to the Sporcle.com Mobile Site →
Comments